LEADER 01190nam a2200301 i 4500 001 000000130745 003 CaOOAMICUS 005 20041103000000.0 008 041103s1996 it u000 u ita u 013 $a103582 020 $a88-17-67045-6 040 $aSeMil$bita 100 1 $aHennezel, Marie : de.$0(OLS)http://semarc/name/23915 240 13$aLa mort intime.$0(OLS)http://semarc/title/192513 245 13$aLa morte amica /$cMarie de Hennezel ; Prefazione di François Mitterrand ; Traduzione di Laura Revelli. 250 $a4. ed. 260 $aMilano :$bRizzoli,$c1996. 300 $a256 p. ;$c21 cm. 500 $aContiene : Appendice. 650 4$aMorte.$0(OLS)http://semarc/subject/6140 700 1 $aRevelli, Laura.$0(OLS)http://semarc/name/54050 700 1 $aMitterrand, François.$0(OLS)http://semarc/name/23916 850 $aSeMil 852 $aSeMil$W1$xVenegono$y1$m78 99 *$j84770$B84770$CSeMilBibl$Z2$F88429 $81 961 $aLascito: Antonelli don Mario 996 $6020$a88-17-67045-6$9(OLS)http://semarc/number/117650 996 $6245$aLa morte amica$9(OLS)http://semarc/title/192512 996 $6260$aMilano :$bRizzoli$9(OLS)http://semarc/publisher/29824 LEADER 00908nam a2200217 i 4500 001 000000181842 003 CaOOAMICUS 005 20090923000000.0 008 090923n it u000 u ita u 013 $a159760 040 $aSeMil$bita 100 1 $aPicotti, G. B.$0(OLS)http://semarc/name/40225 245 13$aLa giovinezza di Leone 10. /$cG. B. Picotti. 260 $aMilano :$bUlrico Hoepli,$c199[?] 300 $aXIV, 738 p., [32] p. di tav. ;$c20 cm. 500 $aContiene : Appendice. - In mezzo al front : 32 Tavole fuori testo, un panorama e una carta storica. 600 04$aLeone X .$0(OLS)http://semarc/subject/4945 850 $aSeMil 852 $aSeMil$W1$xVenegono$y1$m3E II 110$j132546$B132546$CSeMilBibl$Z2$F144387 $81 996 $6245$aLa giovinezza di Leone 10.$9(OLS)http://semarc/title/260941 996 $6260$aMilano :$bUlrico Hoepli$9(OLS)http://semarc/publisher/29765